000 00534nam a2200169 i 4500
001 86539
003 ES-MaACL
005 20230906175453.0
007 t|
008 041213s1952 sp ||||1| spa d
100 1 _aKeyes, Frances Parkinson.
_967976
245 1 0 _aVidas opuestas /
_cFrances Parkinson Keyes ; [versión española de KJulio de Cózar].
260 _aBarcelona :
_bExito,
_c[1952] (
_fTall. Revta. "Ibérica")
300 _a401 p. ;
_c20 cm.
700 1 _aCozar, Julio de.
_941411
852 _aES-MaACL
_jD-8509
_bR.32975
999 _c86539
_d86539